ბათუმის შოთა რუსთაველის სახელმწიფო უნივერსიტეტის ბიბლიოთეკა

სისხლის სამართალი : (ბიბ.ჩანაწერი № 63173)

000 -ლიდერი
ფიქსირებული სიგრძის საკონტროლო ველი 01872nam a22002897a 4500
003 - საკონტროლო ნომრის იდენტიფიკატორი
საკონტროლო ველი Ge_BSU
005 - ბოლო ოპერაციის თარიღი და დრო
საკონტროლო ველი 20250618104514.0
008 - ფიქსირებული სიგრძის მონაცემთა ელემენტები - ზოგადი ინფორმაცია
ფიქსირებული სიგრძის საკონტროლო ველი 250618s2024 ge ||||| |||| 00| 0 geo d
020 ## - წიგნის საერთაშორისო სტანდარტული ნომერი
International Standard Book Number 9789941253872
041 ## - ენის კოდი
Language code of text/sound track or separate title geo
080 ## - უნივერსალური ათობითი კლასიფიკაციის ინდექსი
Universal Decimal Classification number 343.2 ს-54
245 ## - ცნობა სათაურის შესახებ
Title სისხლის სამართალი :
Remainder of title ზოგადი ნაწილი : სახელმძღვანელო /
Statement of responsibility, etc [რედ.: გურამ ნაჭყებია, ნონა თოდუა; ავტორთა კოლექტივი: გ. ტყეშელაშვილი, მ. ლეკვეიშვილი, გ. ნაჭყებია, ნ. თოდუა, ქ. მჭედლიშვილი-ჰედრიხი, გ. მამულაშვილი, მ. ივანიძე, ი. ხერხეულიძე].
250 ## - გამოცემის ცნობა
Edition statement მეხუთე გამოცემა
264 ## - წარმოების, გამოცემის, დისტრიბუციის და სხვა ცნობები
გამოცემის, წარმოების, დისტრიბუციის... ადგილი თბილისი :
გამოცემის, წარმოების, დისტრიბუციის... სახელწოდება მერიდიანი,
გამოცემის, წარმოების, დისტრიბუციის... თარიღი 2024.
300 ## - ფიზიკური აღწერა
Extent 840 გვ.;
Other physical details 25 სმ.
653 ## - INDEX TERM--UNCONTROLLED
Uncontrolled term სამართალი
653 ## - INDEX TERM--UNCONTROLLED
Uncontrolled term სისხლის სამართალი
700 ## - ADDED ENTRY--PERSONAL NAME
Personal name ნაჭყებია, გურამ
Relator term რედაქტორი, ავტორი
9 (RLIN) 219
700 ## - ADDED ENTRY--PERSONAL NAME
Personal name თოდუა, ნ.
Relator term რედაქტორი, ავტორი
9 (RLIN) 9612
700 ## - ADDED ENTRY--PERSONAL NAME
Personal name ტყეშელაშვილი, გ.
Relator term ავტორი
9 (RLIN) 1250
700 ## - ADDED ENTRY--PERSONAL NAME
Personal name ლეკვეიშვილი, მ.
Relator term ავტორი
9 (RLIN) 3505
700 ## - ADDED ENTRY--PERSONAL NAME
Personal name მჭედლიშვილი-ჰედრიხი, ქ.
Relator term ავტორი
9 (RLIN) 25449
700 ## - ADDED ENTRY--PERSONAL NAME
Personal name მამულაშვილი, გ.
Relator term ავტორი
9 (RLIN) 25450
700 ## - ADDED ENTRY--PERSONAL NAME
Personal name ივანიძე, მ.
Relator term ავტორი
9 (RLIN) 25451
700 ## - ADDED ENTRY--PERSONAL NAME
Personal name ხერხეულიძე, ი.
Relator term ავტორი
9 (RLIN) 25452
942 ## - ADDED ENTRY ELEMENTS (KOHA)
Source of classification or shelving scheme
Koha item type წიგნი
ეგზემპლარები
ჩამოწერის სტატუსი დაკარგული ეგზემპლარის სტატუსი კლასიფიკაციის წყარო ან თაროზე გაწყობის სქემა დაზიანების სტატუსი არ გაიცემა მუდმივი მდებარეობა (დაცვის ადგილი) ამჟამინდელი ადგილსამყოფელი თაროზე განთავსების ადგილი შეძენის თარიღი ღირებულება, შესყიდვის ნორმალური ფასი სრული შენახვის შიფრი შტრიხკოდი ბოლო ოპერაციის თარიღი ეგზემპლარის მიმდევრობითი ნომერი (კეტერი?) ფასის ძალაში შესვლის თარიღი ეგზემპლარის სახეობა საჯარო შენიშვნა
          ბათუმის შოთა რუსთაველის სახელმწიფო უნივერსიტეტის მთავარი ბიბლიოთეკა ბათუმის შოთა რუსთაველის სახელმწიფო უნივერსიტეტის მთავარი ბიბლიოთეკა წიგნსაცავი 2025-06-18 35.00 343.2 ს-54 71863 2025-06-18 71863 2025-06-18 წიგნი 35 ლ.
          ბათუმის შოთა რუსთაველის სახელმწიფო უნივერსიტეტის მთავარი ბიბლიოთეკა ბათუმის შოთა რუსთაველის სახელმწიფო უნივერსიტეტის მთავარი ბიბლიოთეკა წიგნსაცავი 2025-06-18 35.00 343.2 ს-54 71864 2025-06-18 71864 2025-06-18 წიგნი 35 ლ.
          ბათუმის შოთა რუსთაველის სახელმწიფო უნივერსიტეტის მთავარი ბიბლიოთეკა ბათუმის შოთა რუსთაველის სახელმწიფო უნივერსიტეტის მთავარი ბიბლიოთეკა წიგნსაცავი 2025-06-18 35.00 343.2 ს-54 71865 2025-06-18 71865 2025-06-18 წიგნი 35 ლ.